| 000 | 00748nam a2200229Ia 4500 | ||
|---|---|---|---|
| 001 | 18568 | ||
| 003 | GE_BSU | ||
| 008 | 181216s||||||||xx |||||||||||||| ||und|| | ||
| 020 | _a9781442223752 (pbk, alk. paper) | ||
| 040 | _cGE_BSU | ||
| 080 | _a327.1 | ||
| 100 | _aBurns, Richard Dean,and Philip E. Coyle III. | ||
| 245 | 4 | _aThe challenges of nuclear non-proliferation | |
| 260 | _aLanham, Maryland | ||
| 260 | _bRowman & Littlefield | ||
| 260 | _c2015 | ||
| 300 | _axvi, 238 pages : illustrations ; 24 cm. | ||
| 653 | _aNuclear nonproliferation. Nuclear nonproliferation--International cooperation. Nuclear-weapon-free zones. | ||
| 653 | _aThe challenges of nuclear non-proliferation | ||
| 653 | _aპოლიტიკა | ||
| 942 | _cBK | ||
| 999 |
_c51577 _d51577 |
||